Lobbování v Evropské unii a v České republice

Definovanie lobbingu. Lobby a lobbing v ekonomickej literatúre. Lobbing v EU a snahy o jeho reguláciu. Dáta o lobbingu.

Gespeichert in:
Bibliographische Detailangaben
1. Verfasser: Laboutková, Šárka
Weitere Verfasser: Žák, Milan
Format: Buchkapitel
Sprache:Tschechisch
Schlagworte:
Tags: Tag hinzufügen
Keine Tags, Fügen Sie das erste Tag hinzu!

MARC

LEADER 00000naa a2200000 4500
001 0123782
005 20231121105508.3
041 0 |a cze 
044 |a CZ 
245 1 0 |a Lobbování v Evropské unii a v České republice  |c Šárka Laboutková, Milan Žák 
520 |a Definovanie lobbingu. Lobby a lobbing v ekonomickej literatúre. Lobbing v EU a snahy o jeho reguláciu. Dáta o lobbingu. 
610 2 0 |a lobizmus 
610 2 0 |a skupiny záujmové 
610 2 0 |a Česko 
610 2 0 |a Európska únia 
610 2 0 |a regulácia 
100 1 |a Laboutková, Šárka 
700 1 |a Žák, Milan